000 00561cam a2200145 4500500
005 20260208010540.0
041 _afre
042 _adc
100 1 0 _aMoutsopoulos, Evanghélos
_eauthor
245 0 0 _aD. Koutras, Essays on Ancient Greek and Byzantine Philosophy, Athenes, Papadakis, 2002, 125 p.
260 _c2005.
500 _a36
786 0 _nRevue philosophique de la France et de l'étranger | 130 | 1 | 2005-03-01 | p. 77zp-130zp | 0035-3833
856 4 1 _uhttps://shs.cairn.info/revue-philosophique-2005-1-page-77zp?lang=fr&redirect-ssocas=7080
999 _c1657081
_d1657081